လက်တွေ့ကျင့်ဘွယ်များနှင့် ဗုဒ္ဒ၏ပရိတ်တော်၃၉သုတ် / (Record no. 40991)

000 -LEADER
fixed length control field 00861nam a22001817a 4500
005 - DATE AND TIME OF LATEST TRANSACTION
control field 20241029090345.0
008 - FIXED-LENGTH DATA ELEMENTS--GENERAL INFORMATION
fixed length control field 241029b ||||| |||| 00| 0 eng d
040 ## - CATALOGING SOURCE
Transcribing agency SSBUL
041 ## - LANGUAGE CODE
Language code of text/sound track or separate title Myanmar
082 ## - DEWEY DECIMAL CLASSIFICATION NUMBER
Edition number 23
Classification number ၂၉၄.၃၈၂၃ တင်
Item number ၁၃၀၈၀ S-SAT
100 ## - MAIN ENTRY--PERSONAL NAME
Personal name တင်စိုး၊ ဦး၊ ဆရာ-
9 (RLIN) 55096
245 ## - TITLE STATEMENT
Title လက်တွေ့ကျင့်ဘွယ်များနှင့် ဗုဒ္ဒ၏ပရိတ်တော်၃၉သုတ် /
Statement of responsibility, etc. ဆရာဦးတင်စိုး။
260 ## - PUBLICATION, DISTRIBUTION, ETC.
Place of publication, distribution, etc. ရန်ကုန် ၊
Name of publisher, distributor, etc. ရတနာသီရိပုံနှိပ်တိုက်၊
Date of publication, distribution, etc. ၁၉၇၅။
300 ## - PHYSICAL DESCRIPTION
Extent ဃ၊၂၆၁ စာမျက်နှာ ၊
Dimensions ၁၈စင်တီ။
500 ## - GENERAL NOTE
General note S-SAT: Dr. Sai Aung Tun
650 ## - SUBJECT ADDED ENTRY--TOPICAL TERM
Topical term or geographic name entry element ပရိတ်တော်
9 (RLIN) 30525
942 ## - ADDED ENTRY ELEMENTS (KOHA)
Source of classification or shelving scheme
Koha item type Book (Short term)
Holdings
Withdrawn status Lost status Source of classification or shelving scheme Damaged status Not for loan Collection code Permanent Location Current Location Shelving location Date acquired Total Checkouts Full call number Barcode Date last seen Price effective from Koha item type Accession
          Special Collections Shan State Buddhist University Library Shan State Buddhist University Library Special Collection Shelves 29/10/2024   ၂၉၄.၃၈၂၃ တင် ၁၃၀၈၀ S-SAT MB00013080 29/10/2024 29/10/2024 Book (Short term) ၁၃၀၈၀ S-SAT

Library - 09407999929
Admin Office - 09407999979
Dean Office - 09250910768
Registrar Office - 09892297154
Email - [email protected]
Shan State Buddhist University, Phaya Phyu Taunggyi, Shan State, Myanmar.